Widok standardowy
Widok MARC
Pozycja Personal Name
Liczba rekordów, w których użyto hasła: 1
001 - Numer kontrolny
- control field: 39734
003 - Identyfikator numeru kontrolnego
- control field: NUKAT
005 - Data i czas ostatniej modyfikacji
- control field: 20260409112552.0
008 - Dane kontrolne kodowane (40 znaków)
- fixed length control field: 121015n||a|znnaabn |a aaa |c
010 ## - Numer kontrolny Biblioteki Kongresu
- numer kontrolny LC: n 2012217072
040 ## - Instytucja sporządzająca rekord
- inst. przygot. dane do rek. khw: KR U/HW
- język haseł przedmiotowych/tezaurus: kaba
- inst. wprow. rek. khw: KR U/HW
100 1# - Hasło - nazwa osobowa
- nazwa osobowa w formie ujednoliconej: Kulczycki, Adam
- dopowiedzenie inne niż daty biograficzne: (nauki polityczne).
400 1# - Trop zob. - nazwa osobowa
- nazwa osobowa (nazwisko, imiona): Kul'čic'kij, Adam.
670 ## - Źródło informacji
- źródło informacji: Kp. Wolni z wolnymi, równi z równymi, zacni z zacnymi... = Vìl'nì z vìl'nimi, rìvnì z rìvnimi, dostojnì z dostojnimi... T. 1 / pod red. Adama Kulczyckiego [et al.]. - Rzeszów [etc.], 2012.
670 ## - Źródło informacji
- źródło informacji: BNPol online
670 ## - Źródło informacji
- źródło informacji: GW online, 16.10.12
- gdzie znaleziono informację: (Adam Kulczycki, przewodniczący rzeszowskiego koła Związku Ukraińców w Polsce)
- adres internetowy: http://wiadomosci.gazeta.pl/kraj/1,34309,3195739.html